Gemeinden im Landkreis Hof - Statistiken

Allgemein
  • Dieses Quiz wurde 27 mal gespielt
  • Das Durchschnittsergebnis liegt bei 23 aus 30
Antwortstatistiken
Einwohner Antwort % Korrekt
Stadt 7535 Naila
92%
Stadt 9015 Rehau
92%
Stadt 4192 Selbitz
92%
Gemeinde 1375 Trogen
92%
Markt 3300 Bad Steben
83%
Gemeinde 2680 Feilitzsch
83%
Gemeinde freie Gebiete Forst Schwarzenbach am Wald
83%
Stadt 999 Lichtenberg
83%
Stadt 10015 Münchberg
83%
Markt 5313 Oberkotzau
83%
Stadt 4313 Schwarzenbach am Wald
83%
Stadt 6614 Schwarzenbach an der Saale
83%
Gemeinde 995 Töpen
83%
Gemeinde 1987 Berg
75%
Gemeinde 1050 Gattendorf
75%
Stadt 8116 Helmbrechts
75%
Gemeinde 977 Issigau
75%
Gemeinde 2336 Köditz
75%
Stadt 1868 Schauenstein
75%
Markt 2347 Stammbach
75%
Gemeinde 3811 Döhlau
67%
Gemeinde 2630 Geroldsgrün
67%
Gemeinde freie Gebiete Geroldsgrüner Forst
67%
Gemeinde 3169 Konradsreuth
67%
Gemeinde 2193 Regnitzlosau
67%
Gemeinde 1199 Weißdorf
67%
Gemeinde 1215 Leupoldsgrün
58%
Markt 1515 Sparneck
58%
Markt 1916 Zell im Fichtelgebirge
58%
Gemeinde freie Gebiete Martinlamitzer Forst-Nord
42%
Keine übereinstimmenden Quizze gefunden
Verteilung der Resultate
Anzahl Personen mit jedem Resultat
Perzentil nach korrekt beantworteten Fragen
Ihre Resultats-Entwicklung
Sie haben dieses Quiz noch nicht gespielt